000 00888nam a2200289Ia 4500
001 Para_7436
003 CHAP
008 220125s1926 xx 000 0 und d
010 _a206324
040 _cCHAP
082 _aPA-C 632 B85
100 _aHawlley, I. M.
_9172626
245 _aThe fruit tree leaf roller and its control by oil sprays /
_c by I. M. Hawlley
260 _aLogan , Utah :
_b Utah Agricultural Experiment Station
300 _a15 p.
440 _aBulletin ; 196
_9172627
500 _aEnc. con impresos similares
650 _aArboles futales
_x enfermedades
_9172628
650 _aFitopatología
_x colecciones de escritos Arboles frutales
_x plagas
_9172629
901 _aPA-C 632 B85
902 _aA
905 _a0000001926 a 0000000000 00
910 _a1926
942 _cPARA
942 _cPARA
_d1
999 _c206324
_d206324